İstanbul : (Kayıt no. 10043)

MARC ayrıntıları
000 -BAŞLIK
Sabit Uzunluktaki Kontrol Alanı 00752nam a22002417a 4500
003 - KONTROL NUMARASI KİMLİĞİ
Kontrol Alanı KOHA_MİRAKIL
005 - EN SON İŞLEM TARİHİ ve ZAMANI
Kontrol Alanı 20260325131025.0
008 - SABİT UZUNLUKTAKİ VERİ ÖGELERİ - GENEL BİLGİ
Sabit Alan 260325b tu ||||| |||| 00| 0 tur d
020 ## - ISBN - ULUSLARARASI STANDART KİTAP NUMARASI
Isbn 9786058902107
040 ## - KATALOGLAMA KAYNAĞI
Özgün Kataloglama Kurumu TR-AnABB
Kataloglama Dili tur
Çeviri Kurumu TR-AnABB
041 ## - DİL KODU
Metin ya da ses kaydının dil kodu tur
082 ## - DEWEY ONU SINIFLAMA SİSTEMİ
Sınıflama Numarası 307.12
Cutter numarası IST 2010
245 00 - ESER ADI BİLDİRİMİ
Başlık İstanbul :
Alt Eseradı vb. Kent ve medeniyet /
Sorumluluk Bildirimi Editörler: Recep Bozlağan, Nail YIlmaz , Aynur Can
246 ## - DEĞİŞİK BAŞLIK FORMU
Başlık uygun / kısa başlık Kent ve medeniyet
250 ## - BASIM BİLDİRİMİ
Basım Bildirimi 2. baskı
260 ## - YAYIN, DAĞITIM, VB.
Yayın Yeri İstanbul :
Yayınevi Marmara Belediyeler Birliği,
Yayın Tarihi 2010
300 ## - FİZİKSEL TANIMLAMA
Sayfa, Cilt vb. 190 sayfa ;
Boyutları 20 cm
650 04 - KONU BAŞLIĞI EK GİRİŞ - KONU TERİMİ
Konusal terim veya coğrafi ad Şehir planlama
700 1# - EK GİRİŞ - KİŞİ ADI
Yazar Adı (Kişi adı) Bozlağan, Recep,
İlişkili Terim editör
9 (RLIN) 3136
700 1# - EK GİRİŞ - KİŞİ ADI
Yazar Adı (Kişi adı) Yılmaz, Nail,
İlişkili Terim editör
9 (RLIN) 3137
700 1# - EK GİRİŞ - KİŞİ ADI
Yazar Adı (Kişi adı) Can, Aynur,
İlişkili Terim editör
9 (RLIN) 3138
942 ## - EK GİRİŞ ÖGELERİ (KOHA)
Sınıflama Kaynağı Dewey Decimal Classification
Materyal Türü Kitap
900 ## - YEREL BİLGİ
Kontrol Can ÇELIK
Mevcut
Geri Çekilme Durumu Kayıp Durumu Sınıflandırma Kaynağı Kredi için değil Kalıcı Konum Mevcut Konum Kayıt Tarih Toplam Ödünçverme Yer Numarası Demirbaş Numarası Son Görülme Tarihi Fatura Tarihi Materyal Türü
    Dewey Decimal Classification   Prof. Dr. Ruşen Keleş Kütüphanesi Prof. Dr. Ruşen Keleş Kütüphanesi 25/03/2026   307.12 IST 2010 RK1060 25/03/2026 25/03/2026 Kitap